000 00494nam a2200145 i 4500
001 61064
003 ES-MaACL
005 20230906164347.0
007 t|
008 031110s1902 sp ||||1| spa d
100 1 _aEstalella Graells, José (
_d1879-1938)
_948004
245 1 3 _aLa transparencia de la materia para los rayos X y su aplicación a la elección de pesos atómicos
_b: memoria /
_cJosé Estalella y Graells.
260 _aBarcelona :
_b[s.n.],
_c1902.
852 _aES-MaACL
_jT-1043-F-3
999 _c61064
_d61064